[Event "XVI C.to Italiano U20"]
[Site "Bratto - Castione della Presolana ITA"]
[Date "2008.08.27"]
[Round "6"]
[White "Piccoli, Vincenzo"]
[Black "Ferrante, Marco"]
[Result "1-0"]
[WhiteElo "1932"]
[BlackElo "2142"]
[PlyCount "67"]
[EventDate "2008.08.22"]

1. e4 e6 2. d4 d5 3. Nc3 Bb4 4. e5 c5 5. Qg4 Ne7 6. Nf3 Nbc6 7. Bb5 Qc7 8. dxc5
Bxc3+ 9. bxc3 O-O 10. Bxc6 Nxc6 11. O-O Nxe5 12. Nxe5 Qxe5 13. Bd2 Qc7 14. Qb4
e5 15. Rfe1 Bf5 16. Rab1 Rab8 17. Rb2 b6 18. cxb6 Rxb6 19. Qa3 Qc6 20. Rxb6
axb6 21. Qb4 f6 22. Rb1 Ra8 23. Rb2 Kf7 24. h4 Ra4 25. Qxb6 Qxb6 26. Rxb6 Rxa2
27. Rb5 Be6 28. Rb7+ Kf8 29. c4 Rxc2 30. Bb4+ Kg8 31. Rb8+ Kf7 32. h5 Rc1+ 33.
Kh2 Rxc4 34. Rf8# 1-0

[Event "XVI C.to Italiano U20"]
[Site "Bratto - Castione della Presolana ITA"]
[Date "2008.08.27"]
[Round "6"]
[White "Pomaro, Alberto"]
[Black "Bonafede, Alessandro"]
[Result "1/2-1/2"]
[WhiteElo "2246"]
[BlackElo "2329"]
[PlyCount "82"]
[EventDate "2008.08.22"]

1. e4 c5 2. Nf3 Nc6 3. Bb5 g6 4. Bxc6 dxc6 5. h3 Bg7 6. d3 Nf6 7. Nc3 Nd7 8.
Be3 e5 9. Qd2 Qe7 10. Bh6 f6 11. O-O Nf8 12. Nh2 Ne6 13. Ne2 g5 14. Bxg7 Nxg7
15. c3 O-O 16. Qe3 Nh5 17. d4 Nf4 18. dxc5 Be6 19. Ng3 Rad8 20. Rfd1 Rxd1+ 21.
Rxd1 Rd8 22. Rxd8+ Qxd8 23. a3 Qd1+ 24. Nhf1 h5 25. Qd2 Qb1 26. f3 h4 27. Ne2
Kg7 28. Nxf4 gxf4 29. Kf2 Bc4 30. Nh2 Kg6 31. b4 Bd3 32. Qe1 Qb2+ 33. Kg1 Qxa3
34. Ng4 Kg5 35. Qd2 Qa1+ 36. Kh2 Qb1 37. Nf2 Qc2 38. Qxd3 Qxf2 39. Qd8 Qg3+ 40.
Kg1 Qe1+ 41. Kh2 Qg3+ 1/2-1/2

[Event "XVI C.to Italiano U20"]
[Site "Bratto - Castione della Presolana ITA"]
[Date "2008.08.27"]
[Round "6"]
[White "Regorda, Massimiliano"]
[Black "Delledonne, Francesco"]
[Result "1/2-1/2"]
[WhiteElo "1907"]
[BlackElo "1943"]
[PlyCount "63"]
[EventDate "2008.08.22"]

1. e4 c5 2. Nf3 d6 3. Bb5+ Bd7 4. Bxd7+ Qxd7 5. d4 cxd4 6. Nxd4 Nf6 7. Qe2 Nc6
8. c3 g6 9. O-O Bg7 10. Nd2 O-O 11. N2f3 e5 12. Nb3 d5 13. exd5 Qxd5 14. Rd1
Qe6 15. Bg5 b6 16. Bxf6 Bxf6 17. Qe4 Rad8 18. h3 Rxd1+ 19. Rxd1 Rd8 20. Rxd8+
Bxd8 21. Qa4 Qd5 22. Nbd2 f5 23. Qc4 Qxc4 24. Nxc4 e4 25. Nfd2 Bg5 26. Nb3 Kf7
27. Kf1 Ke6 28. Ke2 Ne5 29. Nd4+ Kd5 30. Nxe5 Kxe5 31. Nc6+ Kd5 32. Nxa7
1/2-1/2

[Event "XVI C.to Italiano U20"]
[Site "Bratto - Castione della Presolana ITA"]
[Date "2008.08.27"]
[Round "6"]
[White "Rombaldoni, Brian"]
[Black "Lapenna, Antonio"]
[Result "1/2-1/2"]
[WhiteElo "1797"]
[BlackElo "2118"]
[PlyCount "127"]
[EventDate "2008.08.22"]

1. d4 Nf6 2. Nf3 b6 3. Bf4 Bb7 4. Nbd2 Nh5 5. Bg3 Nxg3 6. hxg3 g6 7. e4 Bg7 8.
c3 d6 9. Bc4 e6 10. Qe2 Qe7 11. O-O-O Nd7 12. Rhe1 O-O-O 13. Ba6 e5 14. Nb3 Nb8
15. Bxb7+ Kxb7 16. d5 Qe8 17. Nh4 Qa4 18. Kb1 Rdf8 19. Qd3 Qd7 20. Rh1 Bf6 21.
f4 exf4 22. gxf4 Bxh4 23. Rxh4 f5 24. Re1 fxe4 25. Rxe4 Re8 26. Nd4 Na6 27. b4
Nb8 28. b5 Rxe4 29. Qxe4 Re8 30. Qd3 Qe7 31. Rh1 Nd7 32. Ne6 Nc5 33. Nxc5+ bxc5
34. Kb2 Qe2+ 35. Qxe2 Rxe2+ 36. Kb3 Rxg2 37. Rxh7 c4+ 38. Kxc4 Rg4 39. Kb4
Rxf4+ 40. c4 Rf1 41. Rg7 Rg1 42. a4 g5 43. c5 dxc5+ 44. Kxc5 g4 45. d6 g3 46.
Rxc7+ Kb8 47. Rg7 g2 48. d7 Kc7 49. d8=Q+ Kxd8 50. Rg8+ Ke7 51. Kc6 Rc1+ 52.
Kb7 g1=Q 53. Rxg1 Rxg1 54. a5 Kd8 55. Kxa7 Rg7+ 56. Ka8 Kc7 57. b6+ Kc6 58. Kb8
Rg8+ 59. Ka7 Rg7+ 60. Ka8 Rg8+ 61. Ka7 Rg7+ 62. Ka8 Rb7 63. a6 Rxb6 64. a7
1/2-1/2

[Event "XVI C.to Italiano U20"]
[Site "Bratto - Castione della Presolana ITA"]
[Date "2008.08.27"]
[Round "6"]
[White "Sfera, Mattia"]
[Black "Rizza, Francesco"]
[Result "1-0"]
[WhiteElo "1893"]
[BlackElo "1924"]
[PlyCount "43"]
[EventDate "2008.08.22"]

1. e4 e6 2. d4 d5 3. Nc3 Nf6 4. Bg5 dxe4 5. Nxe4 Be7 6. Bxf6 gxf6 7. Nf3 b6 8.
Bd3 f5 9. Ng3 Bb7 10. c3 Nd7 11. Qe2 c6 12. O-O-O Qc7 13. Kb1 Nf6 14. Ne5 Bd6
15. Nxf5 exf5 16. Ng6+ Ne4 17. Nxh8 O-O-O 18. Qh5 Nxf2 19. Nxf7 Nxd1 20. Nxd8
Nxc3+ 21. bxc3 Qxd8 22. Re1 1-0

[Event "XVI C.to Italiano U20"]
[Site "Bratto - Castione della Presolana ITA"]
[Date "2008.08.27"]
[Round "6"]
[White "Xia, Jie"]
[Black "Valsecchi, Alessio"]
[Result "0-1"]
[WhiteElo "2181"]
[BlackElo "2298"]
[PlyCount "160"]
[EventDate "2008.08.22"]

1. g3 d5 2. Bg2 Nf6 3. Nf3 g6 4. d3 Bg7 5. O-O O-O 6. Nbd2 Nc6 7. c4 e5 8. cxd5
Nxd5 9. Qb3 Nde7 10. Ne4 h6 11. Be3 Nf5 12. Bc5 Re8 13. Rfc1 Rb8 14. e3 Be6 15.
Qc2 Nd6 16. Ba3 Nb5 17. Qa4 Nxa3 18. Qxa3 Qe7 19. Qxe7 Rxe7 20. Ne1 Nd8 21. Nc5
Bc8 22. Rc3 b6 23. Rb3 Ne6 24. Rc1 Nxc5 25. Rxc5 Be6 26. Bd5 Rd8 27. Bxe6 bxc5
28. Bc4 c6 29. e4 Kh7 30. g4 Rf8 31. Rc3 f5 32. h3 fxe4 33. dxe4 Rd7 34. Nd3
Rd4 35. Kg2 Rxe4 36. Nxc5 Ref4 37. Rc2 Re8 38. f3 e4 39. Nxe4 Bd4 40. Bd3 Ref8
41. Nd2 R4f6 42. Be4 Kg7 43. Nb3 Bb6 44. a4 Rd8 45. a5 Be3 46. a6 h5 47. Na5
Rd1 48. Re2 Bb6 49. Nc4 Ra1 50. Rd2 hxg4 51. hxg4 g5 52. Rd7+ Rf7 53. Rd6 Rxa6
54. Rg6+ Kf8 55. Ne5 Rg7 56. Rxc6 Ra5 57. Rc8+ Ke7 58. Nd3 Kd7 59. Rb8 Bc7 60.
Rb7 Rg8 61. Kf2 Rb8 62. Rxb8 Bxb8 63. Ke3 Be5 64. Nxe5+ Rxe5 65. Kd4 Rb5 66.
Kc3 a5 67. b3 Rb4 68. Bd3 Kc6 69. Bc4 Kc5 70. Be2 Rf4 71. Bd1 Rf7 72. Be2 Re7
73. Kd3 Kb4 74. Bd1 Rd7+ 75. Kc2 Rc7+ 76. Kd2 Rd7+ 77. Kc2 Rxd1 78. Kxd1 Kxb3
79. f4 a4 80. Kc1 a3 0-1

[Event "XVI C.to Italiano U20"]
[Site "Bratto - Castione della Presolana ITA"]
[Date "2008.08.27"]
[Round "6"]
[White "Zanchetta, Nicola"]
[Black "Picasso, Filippo"]
[Result "1-0"]
[WhiteElo "1777"]
[BlackElo "1659"]
[PlyCount "85"]
[EventDate "2008.08.22"]

1. e4 c5 2. Nf3 Nc6 3. Bb5 Qc7 4. O-O g6 5. Re1 Bg7 6. c3 d6 7. d4 e6 8. Bf4
cxd4 9. cxd4 a6 10. Bxc6+ bxc6 11. Nc3 Nf6 12. e5 dxe5 13. Bxe5 Qb6 14. Ng5 O-O
15. Qf3 Nd5 16. Bd6 Bb7 17. Bxf8 Rxf8 18. Qh3 Nf6 19. Nce4 h5 20. Nxf6+ Bxf6
21. Nf3 Bxd4 22. Nxd4 Qxd4 23. Rad1 Qxb2 24. Qb3 Qxb3 25. axb3 c5 26. Rd7 Bd5
27. Rc7 Bxb3 28. Rxc5 Ra8 29. Ra1 Kg7 30. f4 f5 31. Kf2 Kf6 32. h4 Bd5 33. g3
Ra7 34. Raa5 Be4 35. Ke3 Bd5 36. Rc8 Be4 37. Rd8 Bd5 38. Rd6 Bc4 39. Rc6 Bd5
40. Rxd5 a5 41. Rdd6 a4 42. Ra6 Rxa6 43. Rxa6 1-0

[Event "XVI C.to Italiano U20"]
[Site "Bratto - Castione della Presolana ITA"]
[Date "2008.08.28"]
[Round "7"]
[White "Bellemo, Davide"]
[Black "Franciosi, Fausto"]
[Result "1/2-1/2"]
[WhiteElo "2055"]
[BlackElo "1850"]
[PlyCount "56"]
[EventDate "2008.08.22"]

1. d4 d6 2. c4 e5 3. dxe5 dxe5 4. Qxd8+ Kxd8 5. Nc3 c6 6. Bd2 f6 7. O-O-O Kc7
8. f4 Be6 9. Nf3 Nd7 10. e4 Bg4 11. Be2 Bxf3 12. gxf3 Bd6 13. fxe5 fxe5 14. a3
a5 15. Rhf1 Nc5 16. Kc2 Ne6 17. Be3 a4 18. Rd2 Ne7 19. Bd1 Rhf8 20. Kb1 Bc5 21.
Bg1 Bxg1 22. Rxg1 Ng6 23. Nxa4 Nh4 24. Rg3 Nxf3 25. Bxf3 Rxa4 26. Bg4 Nd4 27.
Bd1 Rxc4 28. Rxg7+ Kb6 1/2-1/2

[Event "XVI C.to Italiano U20"]
[Site "Bratto - Castione della Presolana ITA"]
[Date "2008.08.28"]
[Round "7"]
[White "Bonafede, Alessandro"]
[Black "Andreoni, Giuseppe"]
[Result "1-0"]
[WhiteElo "2329"]
[BlackElo "1993"]
[PlyCount "51"]
[EventDate "2008.08.22"]

1. e4 c5 2. Nf3 d6 3. d4 cxd4 4. Nxd4 Nf6 5. Nc3 a6 6. Bg5 e6 7. f4 Nbd7 8. Qf3
Qc7 9. O-O-O Be7 10. g4 b5 11. Bxf6 Nxf6 12. g5 Nd7 13. f5 Nc5 14. f6 gxf6 15.
gxf6 Bf8 16. Rg1 Bb7 17. Bh3 b4 18. Nd5 exd5 19. exd5 Nd7 20. Bxd7+ Qxd7 21.
Nc6 Bxc6 22. dxc6 Qc7 23. Rge1+ Kd8 24. Qe4 Bh6+ 25. Kb1 a5 26. Qe5 1-0

[Event "XVI C.to Italiano U20"]
[Site "Bratto - Castione della Presolana ITA"]
[Date "2008.08.28"]
[Round "7"]
[White "Caldonazzo, Matteo"]
[Black "Altini, Nicola"]
[Result "1/2-1/2"]
[WhiteElo "1515"]
[BlackElo "2007"]
[PlyCount "67"]
[EventDate "2008.08.22"]

1. d4 d5 2. c4 e6 3. Nc3 Nf6 4. Nf3 Nbd7 5. Bg5 c6 6. e3 Qa5 7. Bxf6 Nxf6 8.
Bd3 dxc4 9. Bxc4 Nd5 10. Qb3 Bb4 11. Rc1 O-O 12. O-O Nb6 13. Ne5 Bd6 14. f4
Nxc4 15. Nxc4 Qd8 16. Nxd6 Qxd6 17. Ne4 Qd5 18. Nc5 b6 19. Qxd5 exd5 20. Nd3
Ba6 21. Rfd1 Rac8 22. Kf2 Rfe8 23. Rc3 Bb7 24. Rdc1 f6 25. Nb4 Re6 26. Nxd5 c5
27. Nb4 Rce8 28. dxc5 bxc5 29. Nc2 Rd8 30. Ke1 Red6 31. Rxc5 Rd2 32. Nd4 Rxg2
33. R5c2 Rg1+ 34. Kf2 1/2-1/2

[Event "XVI C.to Italiano U20"]
[Site "Bratto - Castione della Presolana ITA"]
[Date "2008.08.28"]
[Round "7"]
[White "Cantu', Guido"]
[Black "Ghedin, Emanuele"]
[Result "1-0"]
[WhiteElo "1896"]
[BlackElo "1824"]
[PlyCount "79"]
[EventDate "2008.08.22"]

1. e4 c6 2. d4 d5 3. exd5 cxd5 4. c4 Nf6 5. Nc3 g6 6. Nf3 Bg7 7. h3 O-O 8. Bd3
a6 9. O-O Nc6 10. a3 Qd6 11. c5 Qc7 12. b4 Bd7 13. Re1 Rfe8 14. Bg5 Be6 15. Qd2
Nh5 16. Bc2 Qd7 17. Kh2 Qc7+ 18. Kg1 Qd7 19. Kh2 Rad8 20. Rad1 Qc7+ 21. Kg1 Qd7
22. Kh2 Bf5 23. Bb3 Nf6 24. Bxf6 Bxf6 25. Nxd5 Bg7 26. Qf4 Qc8 27. Nb6 Qb8 28.
Qxb8 Rxb8 29. d5 Na7 30. g4 Bc8 31. d6 Be6 32. Bxe6 fxe6 33. Rxe6 exd6 34.
Rxe8+ Rxe8 35. Rxd6 Nb5 36. Rd7 Rb8 37. a4 Nc3 38. Kg2 Bf6 39. Nd4 Bd8 40. a5
1-0

[Event "XVI C.to Italiano U20"]
[Site "Bratto - Castione della Presolana ITA"]
[Date "2008.08.28"]
[Round "7"]
[White "Capito', Mario"]
[Black "Cinque, Antonio"]
[Result "0-1"]
[WhiteElo "1455"]
[BlackElo "1867"]
[PlyCount "80"]
[EventDate "2008.08.22"]

1. c4 e6 2. Nc3 d5 3. d4 Nf6 4. cxd5 exd5 5. Nf3 c6 6. h3 Be7 7. Bf4 O-O 8. e3
Bf5 9. Be2 Nbd7 10. Nd2 Nb6 11. O-O Re8 12. Nb3 Nfd7 13. Bd3 Bxd3 14. Qxd3 Nc4
15. Qc2 Bd6 16. Bxd6 Nxd6 17. Na4 Re6 18. Nac5 Rg6 19. Nxd7 Qxd7 20. Kh2 Ne4
21. f3 Qc7+ 22. Kg1 Nd6 23. Rfe1 Re8 24. Nc5 b6 25. Nd3 Rge6 26. Ne5 Nb7 27.
Rac1 c5 28. Qf5 f6 29. Ng4 Nd6 30. Qxd5 Qb7 31. Qb3 c4 32. Qc3 b5 33. a3 h5 34.
Nf2 f5 35. b3 Qe7 36. Nd1 Qh4 37. Nf2 Rg6 38. bxc4 Qg3 39. Kf1 Qxg2+ 40. Ke2
Rg3 0-1

[Event "XVI C.to Italiano U20"]
[Site "Bratto - Castione della Presolana ITA"]
[Date "2008.08.28"]
[Round "7"]
[White "Cuppone, Damiano"]
[Black "Rombaldoni, Brian"]
[Result "1-0"]
[WhiteElo "1921"]
[BlackElo "1797"]
[PlyCount "103"]
[EventDate "2008.08.22"]

1. d4 c6 2. c4 d5 3. Nf3 Nf6 4. Nc3 Bf5 5. Qb3 Qb6 6. c5 Qc7 7. g3 e6 8. Bf4
Qc8 9. h3 h6 10. g4 Bg6 11. Qd1 Ne4 12. Rc1 b5 13. Ne5 Bh7 14. Bg2 Nxc3 15.
Rxc3 Nd7 16. Nd3 g5 17. Bc1 Bg7 18. e3 O-O 19. O-O e5 20. Ne1 a5 21. a3 Rb8 22.
b4 axb4 23. axb4 Ra8 24. Bb2 Ra4 25. Rb3 exd4 26. Bxd4 Bxd4 27. Qxd4 Re8 28.
Nd3 Be4 29. f3 Bxd3 30. Qxd3 Ne5 31. Qd4 Nc4 32. f4 gxf4 33. exf4 Qe6 34. Kh2
Qe2 35. Rf2 Qe1 36. Rf1 Qe2 37. Rf2 Qe1 38. Rf1 Qh4 39. Rg3 Rxb4 40. g5 hxg5
41. Rxg5+ Kf8 42. Qg7+ Ke7 43. Rg4 Qh8 44. Re1+ Kd8 45. Rxe8+ Qxe8 46. Qh7 Qe6
47. Rg8+ Kd7 48. Qh8 Qe7 49. Rb8 Qe3 50. Qf6 Qxc5 51. Qxf7+ Qe7 52. Rb7+ 1-0

[Event "XVI C.to Italiano U20"]
[Site "Bratto - Castione della Presolana ITA"]
[Date "2008.08.28"]
[Round "7"]
[White "Delledonne, Francesco"]
[Black "Gonella, Daniele"]
[Result "1-0"]
[WhiteElo "1943"]
[BlackElo "1739"]
[PlyCount "99"]
[EventDate "2008.08.22"]

1. e4 g6 2. d4 Bg7 3. Nc3 c6 4. f3 d5 5. Be3 Nf6 6. Qd2 dxe4 7. Nxe4 Nxe4 8.
fxe4 e5 9. O-O-O exd4 10. Nf3 Bg4 11. Bh6 O-O 12. Bxg7 Kxg7 13. Bc4 c5 14. Qf4
Bxf3 15. Qxf3 Nc6 16. Qg3 Qb8 17. Qh4 h6 18. Rhf1 Qe5 19. Kb1 Qe7 20. Qf4 Ne5
21. Bd5 Rad8 22. h4 Rd6 23. g4 b5 24. g5 h5 25. Qg3 Ng4 26. Rf3 Qe5 27. Rf4 Rd7
28. Rxg4 Rxd5 29. exd5 Qxd5 30. Rf4 Re8 31. Qf3 Qxf3 32. Rxf3 Re4 33. Rdf1 Re7
34. Kc1 Kf8 35. Kd2 Ke8 36. Re1 Rxe1 37. Kxe1 Ke7 38. Rf6 c4 39. Ke2 b4 40. Rc6
c3 41. bxc3 dxc3 42. Kd3 Kd7 43. Rf6 Ke7 44. Kc4 a5 45. Ra6 Kd7 46. Rxa5 Ke6
47. Kxb4 f5 48. gxf6 Kxf6 49. Rb5 Ke6 50. a4 1-0

[Event "XVI C.to Italiano U20"]
[Site "Bratto - Castione della Presolana ITA"]
[Date "2008.08.28"]
[Round "7"]
[White "Ferrante, Marco"]
[Black "Regorda, Massimiliano"]
[Result "1-0"]
[WhiteElo "2142"]
[BlackElo "1907"]
[PlyCount "31"]
[EventDate "2008.08.22"]

1. e4 e5 2. Nf3 Nc6 3. d4 exd4 4. Bc4 Bb4+ 5. c3 dxc3 6. bxc3 Ba5 7. Qb3 Qe7 8.
O-O d6 9. Re1 Nf6 10. e5 dxe5 11. Ba3 Qd7 12. Nxe5 Nxe5 13. Rxe5+ Kd8 14. Be7+
Qxe7 15. Rxe7 Kxe7 16. Qa3+ 1-0

[Event "XVI C.to Italiano U20"]
[Site "Bratto - Castione della Presolana ITA"]
[Date "2008.08.28"]
[Round "7"]
[White "Grandinetti, Pietro"]
[Black "Dvirnyy, Danyyil"]
[Result "0-1"]
[WhiteElo "2011"]
[BlackElo "2358"]
[PlyCount "140"]
[EventDate "2008.08.22"]

1. d4 Nf6 2. Bg5 c5 3. d5 d6 4. Nc3 e6 5. e4 exd5 6. exd5 Be7 7. Nf3 O-O 8. Be2
Na6 9. O-O h6 10. Bh4 Nc7 11. a4 Re8 12. Re1 Rb8 13. h3 a6 14. a5 b5 15. axb6
Rxb6 16. Rb1 Bb7 17. Bc4 Qd7 18. Qd3 Ba8 19. b3 Nb5 20. Rbd1 Na3 21. Nd2 Nb5
22. Nf3 Rbb8 23. Ra1 Nxc3 24. Qxc3 Nxd5 25. Bxd5 Bxd5 26. Rxe7 Rxe7 27. Bxe7
Qxe7 28. Rxa6 Be4 29. Ra1 Qb7 30. Re1 Qc6 31. Re2 d5 32. Qe3 Ra8 33. c4 Ra1+
34. Kh2 Qd6+ 35. g3 Qf6 36. Ne1 Qc6 37. f3 Bg6 38. Qe8+ Qxe8 39. Rxe8+ Kh7 40.
cxd5 Rd1 41. Re3 Rxd5 42. Rc3 Bb1 43. Kg1 Kg6 44. Kf2 Kf6 45. Ke3 Ke5 46. f4+
Kd6 47. Nd3 f6 48. Nf2 h5 49. Ne4+ Kc6 50. b4 Bxe4 51. Kxe4 Rd4+ 52. Kf5 Rxb4
53. Kg6 Rb7 54. Kxh5 Kd5 55. g4 c4 56. g5 fxg5 57. fxg5 Rb3 58. Rc1 Rxh3+ 59.
Kg6 Rg3 60. Rd1+ Kc6 61. Rd4 c3 62. Rc4+ Kd6 63. Rc8 Ke5 64. Rc5+ Kd4 65. Rc7
Rg1 66. Rxg7 c2 67. Rc7 c1=Q 68. Rxc1 Rxc1 69. Kf7 Ke5 70. g6 Rc7+ 0-1

[Event "XVI C.to Italiano U20"]
[Site "Bratto - Castione della Presolana ITA"]
[Date "2008.08.28"]
[Round "7"]
[White "Lapenna, Antonio"]
[Black "Sfera, Mattia"]
[Result "1/2-1/2"]
[WhiteElo "2118"]
[BlackElo "1893"]
[PlyCount "80"]
[EventDate "2008.08.22"]

1. c4 Nf6 2. Nc3 g6 3. g3 Bg7 4. Bg2 O-O 5. e4 d6 6. Nge2 c6 7. O-O Qc7 8. h3
e5 9. d3 a5 10. f4 b5 11. Be3 Ba6 12. b3 Nbd7 13. f5 Nb6 14. g4 b4 15. Na4 Nxa4
16. bxa4 h6 17. Bf3 g5 18. h4 Nh7 19. Qc1 Qe7 20. c5 d5 21. exd5 cxd5 22. Bxd5
Rad8 23. Bg2 Bxd3 24. Rf2 e4 25. f6 Bxf6 26. Ng3 Qe5 27. hxg5 Qxa1 28. gxf6
Qxc1+ 29. Bxc1 Ng5 30. Bxg5 hxg5 31. Nxe4 Rd4 32. Nd6 Rd8 33. Nf5 Bxf5 34. Rxf5
Rxg4 35. c6 Rc8 36. Rc5 Rc7 37. Kh2 Kh7 38. Bh3 Rd4 39. Bd7 Rd2+ 40. Kg3 Kg6
1/2-1/2

[Event "XVI C.to Italiano U20"]
[Site "Bratto - Castione della Presolana ITA"]
[Date "2008.08.28"]
[Round "7"]
[White "Laudisa, Antonio"]
[Black "Zanchetta, Nicola"]
[Result "1-0"]
[WhiteElo "1646"]
[BlackElo "1777"]
[PlyCount "121"]
[EventDate "2008.08.22"]

1. d4 g6 2. e4 Bg7 3. Nc3 d6 4. Be3 Nd7 5. Qd2 h6 6. Bc4 e6 7. Nge2 a6 8. f3
Ne7 9. Nf4 Nf6 10. O-O-O b5 11. Bb3 g5 12. Nfe2 Nd7 13. h4 Nb6 14. hxg5 h5 15.
Nf4 h4 16. Qf2 Nc4 17. Bxc4 bxc4 18. Rxh4 Rxh4 19. Qxh4 Ng6 20. Nxg6 fxg6 21.
Qh7 Kf7 22. d5 e5 23. f4 Qg8 24. Qh4 Qh8 25. Qxh8 Bxh8 26. fxe5 Bxe5 27. Bd4
Bg4 28. Rf1+ Kg7 29. Bxe5+ dxe5 30. Rf6 Bd7 31. Nd1 Rf8 32. Rxf8 Kxf8 33. Ne3
Bb5 34. Ng4 Kg7 35. Nxe5 c3 36. bxc3 Bf1 37. Kd2 Bxg2 38. Ke3 Bh3 39. c4 Bc8
40. c5 a5 41. c4 a4 42. a3 Kf8 43. Nxg6+ Kf7 44. Ne5+ Ke7 45. Kf4 Ke8 46. g6
Kf8 47. d6 cxd6 48. cxd6 Be6 49. c5 Ke8 50. c6 Kd8 51. Nf7+ Kc8 52. d7+ Bxd7
53. cxd7+ Kxd7 54. g7 Kc6 55. g8=Q Kc5 56. Ne5 Kb5 57. Qc4+ Kb6 58. Nd7+ Kb7
59. e5 Ka7 60. Qb5 Ka8 61. Qb8# 1-0

[Event "XVI C.to Italiano U20"]
[Site "Bratto - Castione della Presolana ITA"]
[Date "2008.08.28"]
[Round "7"]
[White "Lettieri, Giuseppe"]
[Black "Gallana, Marco"]
[Result "1-0"]
[WhiteElo "2322"]
[BlackElo "1960"]
[PlyCount "89"]
[EventDate "2008.08.22"]

1. e4 c6 2. d4 d5 3. exd5 cxd5 4. c4 Nf6 5. Nc3 g6 6. cxd5 Bg7 7. Qb3 O-O 8.
Nge2 Nbd7 9. g3 Nb6 10. Bg2 Ne8 11. a4 Nd6 12. O-O Bf5 13. Re1 Rc8 14. a5 Nbc4
15. Qa2 b6 16. axb6 axb6 17. b3 Na5 18. Ba3 Qd7 19. Bb4 Ra8 20. Qb2 Rfc8 21.
Rac1 Nab7 22. Na4 Qb5 23. Ba3 Na5 24. Nec3 Qxb3 25. Nxb6 Ndc4 26. Qxb3 Nxb3 27.
Nxc8 Rxc8 28. Bc5 Nxc1 29. Rxc1 Nb2 30. Bf1 Bf6 31. Nb5 Bd3 32. Bh3 Rd8 33. Nc7
Bf5 34. Bxf5 gxf5 35. Rc3 Rd7 36. Ne8 Bh8 37. Rb3 Rd8 38. Nc7 Nc4 39. Bxe7 Rd7
40. Rb8+ Kg7 41. d6 h5 42. Nb5 Kh7 43. Kg2 Na5 44. Rc8 Rb7 45. Rc7 1-0

[Event "XVI C.to Italiano U20"]
[Site "Bratto - Castione della Presolana ITA"]
[Date "2008.08.28"]
[Round "7"]
[White "Marsili, Riccardo"]
[Black "Locci, Damiano"]
[Result "1-0"]
[WhiteElo "1817"]
[BlackElo "2094"]
[PlyCount "105"]
[EventDate "2008.08.22"]

1. e4 Nc6 2. Bc4 e6 3. Nc3 Bc5 4. Nf3 Nf6 5. d4 Bb4 6. Qd3 d5 7. exd5 exd5 8.
Bb5 Qe7+ 9. Be3 Ne4 10. O-O Bxc3 11. bxc3 Bf5 12. Bxc6+ bxc6 13. Qa6 O-O 14.
Qxc6 Rad8 15. Bf4 g5 16. Qxc7 Qxc7 17. Bxc7 Rc8 18. Ba5 f6 19. Rfb1 Nxc3 20.
Bxc3 Rxc3 21. Rb7 Rf7 22. Rxf7 Kxf7 23. Ne1 Rc4 24. Rd1 Ra4 25. Ra1 Rxd4 26. f3
Rc4 27. Rb1 Ke6 28. Rb2 Ke5 29. Kf2 Kd4 30. Ke2 a5 31. Kd2 Bg6 32. Rb3 f5 33.
Nd3 Rc7 34. Ra3 Be8 35. Rxa5 f4 36. Ra3 h5 37. Rb3 Rxc2+ 38. Kxc2 Ke3 39. Ne1+
Ke2 40. Nd3 Kf1 41. Kd2 Kxg2 42. Ke2 Kxh2 43. Kf2 Bd7 44. Rb6 Bf5 45. Rh6 h4
46. Nxf4 d4 47. Ng2 Kh3 48. a4 d3 49. a5 Bc8 50. Rd6 Bb7 51. Rxd3 g4 52. fxg4+
Kh2 53. Nf4 1-0

[Event "XVI C.to Italiano U20"]
[Site "Bratto - Castione della Presolana ITA"]
[Date "2008.08.28"]
[Round "7"]
[White "Picasso, Filippo"]
[Black "Pulcini, Giorgio"]
[Result "0-1"]
[WhiteElo "1659"]
[BlackElo "1676"]
[PlyCount "58"]
[EventDate "2008.08.22"]

1. d4 d5 2. Nf3 e6 3. c4 c5 4. Nc3 Nc6 5. e4 dxe4 6. Nxe4 cxd4 7. Bf4 Nf6 8.
Bd3 Bb4+ 9. Ned2 Bd6 10. Bxd6 Qxd6 11. O-O O-O 12. Bb1 b6 13. Qc2 Nb4 14. Qd1
Bb7 15. a3 Nc6 16. Qc2 Rfd8 17. Ne4 d3 18. Nxf6+ gxf6 19. Qc3 e5 20. Rd1 e4 21.
Nd2 Ne5 22. f4 exf3 23. Nxf3 Nxf3+ 24. gxf3 Bxf3 25. Rxd3 Qc5+ 26. Kf1 Bh5 27.
Rxd8+ Rxd8 28. Qxf6 Rd1+ 29. Kg2 Qg1+ 0-1

[Event "XVI C.to Italiano U20"]
[Site "Bratto - Castione della Presolana ITA"]
[Date "2008.08.28"]
[Round "7"]
[White "Piccirillo, Edoardo"]
[Black "Coladangelo, Andrea"]
[Result "1/2-1/2"]
[WhiteElo "2111"]
[BlackElo "1866"]
[PlyCount "74"]
[EventDate "2008.08.22"]

1. d4 Nf6 2. c4 g6 3. Nc3 Bg7 4. e4 d6 5. Nf3 O-O 6. Be2 e5 7. d5 a5 8. Bg5 h6
9. Bh4 Na6 10. Nd2 Qe8 11. O-O Nh7 12. a3 Bd7 13. Nb5 h5 14. f3 Bh6 15. Bf2 Qd8
16. Qc2 h4 17. Rfd1 b6 18. Nf1 f5 19. exf5 gxf5 20. Kh1 Kh8 21. Bd3 Qg5 22. Be1
Qh5 23. h3 Rg8 24. Nh2 Bf4 25. Bd2 Bxd2 26. Qxd2 Nc5 27. Qc2 Nxd3 28. Qxd3 Bxb5
29. cxb5 Rg7 30. Rg1 Nf6 31. Rad1 Qf7 32. Nf1 Nh5 33. Ne3 Rf8 34. Kh2 Qg6 35.
Nf1 Nf4 36. Qc2 Rfg8 37. Rd2 Qf7 1/2-1/2

[Event "XVI C.to Italiano U20"]
[Site "Bratto - Castione della Presolana ITA"]
[Date "2008.08.28"]
[Round "7"]
[White "Piccoli, Vincenzo"]
[Black "Codenotti, Marco"]
[Result "1-0"]
[WhiteElo "1932"]
[BlackElo "2055"]
[PlyCount "63"]
[EventDate "2008.08.22"]

1. e4 d6 2. d4 Nf6 3. Nc3 g6 4. Bg5 Bg7 5. Qd2 O-O 6. f4 c6 7. Nf3 b5 8. Bd3
Bg4 9. e5 b4 10. Ne2 Nd5 11. Bc4 Nb6 12. Bd3 Bxf3 13. gxf3 a5 14. O-O-O d5 15.
f5 Nc4 16. Bxc4 dxc4 17. fxg6 fxg6 18. Nf4 c3 19. Qe3 Rf5 20. Ne6 Qd5 21. Nxg7
Rxf3 22. Qxf3 Qxf3 23. Bh6 Qh3 24. Nf5 gxf5 25. Rhg1+ Kf7 26. Rg7+ Ke8 27. Rxh7
a4 28. d5 cxb2+ 29. Kb1 b3 30. e6 Kd8 31. dxc6+ Kc7 32. Bf4+ 1-0

[Event "XVI C.to Italiano U20"]
[Site "Bratto - Castione della Presolana ITA"]
[Date "2008.08.28"]
[Round "7"]
[White "Rizza, Francesco"]
[Black "Marincolo, Piercarlo"]
[Result "0-1"]
[WhiteElo "1924"]
[BlackElo "1945"]
[PlyCount "106"]
[EventDate "2008.08.22"]

1. d4 f5 2. e4 fxe4 3. Nc3 Nf6 4. Bg5 g6 5. f3 exf3 6. Nxf3 d6 7. Bc4 Bf5 8.
Qe2 Nbd7 9. O-O-O c6 10. h3 d5 11. Bb3 Qc7 12. Qe3 O-O-O 13. Ne5 Nxe5 14. dxe5
Ne4 15. Bf4 Nxc3 16. Qxc3 e6 17. Rd4 h5 18. Ra4 a6 19. Rd4 Be7 20. Rd2 Qb6 21.
Qg3 h4 22. Qf3 g5 23. Be3 Qc7 24. c3 Rdf8 25. Qd1 c5 26. Qg1 d4 27. Bf2 dxc3
28. bxc3 Qxe5 29. Kb2 Rd8 30. Qe1 Rxd2+ 31. Qxd2 Rd8 32. Qe3 Qxe3 33. Bxe3 b5
34. Re1 c4 35. Bc2 Bxc2 36. Kxc2 Rd3 37. Bd4 Kd7 38. Re4 Rg3 39. Re2 Bd6 40.
Kd2 Rd3+ 41. Kc2 Bf4 42. Bf6 Rd5 43. Bd4 e5 44. Bf2 Ke6 45. Be1 Kf5 46. Kb2 a5
47. Kc2 Rd3 48. Bf2 e4 49. Bb6 a4 50. Bf2 e3 51. Be1 a3 52. Kc1 Ke4 53. Kc2 Be5
0-1

[Event "XVI C.to Italiano U20"]
[Site "Bratto - Castione della Presolana ITA"]
[Date "2008.08.28"]
[Round "7"]
[White "Rombaldoni, Axel"]
[Black "Fossati, Remigio"]
[Result "1/2-1/2"]
[WhiteElo "2374"]
[BlackElo "2191"]
[PlyCount "76"]
[EventDate "2008.08.22"]

1. e4 e6 2. Qe2 c5 3. Nf3 Nc6 4. g3 g6 5. Bg2 Bg7 6. c3 Nge7 7. h4 h6 8. d3 d5
9. e5 Qc7 10. Bf4 b6 11. a3 Ba6 12. O-O g5 13. hxg5 hxg5 14. Bxg5 Nxe5 15. Ne1
N5c6 16. b4 O-O-O 17. Be3 d4 18. Bf4 Be5 19. Bxe5 Qxe5 20. Qxe5 Nxe5 21. c4 Bb7
22. bxc5 bxc5 23. Nd2 Bxg2 24. Kxg2 Kc7 25. Rh1 Rxh1 26. Kxh1 Rb8 27. Rb1 Rxb1
28. Nxb1 Kb6 29. Nd2 Ka5 30. Nb3+ Ka4 31. Nxc5+ Kxa3 32. Nc2+ Kb2 33. Nxd4 Kc3
34. Nb5+ Kb4 35. Na6+ Ka5 36. Nc5 Kb4 37. Na6+ Ka5 38. Nc5 Kb4 1/2-1/2